| 000 | 00420nam a2200169 i 4500 | ||
|---|---|---|---|
| 001 | bg | ||
| 100 | 1 | _aPAULI, Wolfgang. | |
| 245 | 0 |
_aLectures on physics. _nVol. 1, _pElectrodynamics / _cWolfgang Pauli. |
|
| 260 |
_aCambridge : _bMIT Press, _c1973. |
||
| 020 | _a0262160463 | ||
| 040 | _cBPK | ||
| 041 | _apol | ||
| 080 | _a53 | ||
| 920 | _a0-262-16046-3 | ||
| 942 | _cKS | ||
| 008 | s pl f |000 0 pol | ||
| 999 |
_c47133 _d47133 |
||
| 856 |
_uhttp://koha.tu.koszalin.pl/cgi-bin/koha/opac-detail.pl?biblionumber=47133 _yKatalog online BPK |
||